Largest Cities and Towns of Eritrea - Statistics

General Stats
  • This quiz has been taken 19 times
  • The average score is 4 of 10
Answer Stats
Rank Population City % Correct
1 649,707 Asmara
100%
2 146,483 Keren
60%
7 36,700 Massawa
53%
4 63,492 Mendefera
47%
6 39,656 Assab
40%
10 31,000 Dekemhare
27%
9 31,831 Senafe
27%
3 64,889 Teseney
20%
8 34,589 Adi Quala
13%
5 47,482 Agordat
13%
No matching quizzes found
Score Distribution
Percent of People with Each Score
Percentile by Number Answered
Your Score History
You have not taken this quiz